| 000 -LEADER |
| fixed length control field |
00991pab a2200133 454500 |
| 008 - FIXED-LENGTH DATA ELEMENTS--GENERAL INFORMATION |
| fixed length control field |
180718b xxu||||| |||| 00| 0 eng d |
| 100 ## - MAIN ENTRY--PERSONAL NAME |
| Personal name |
Kramer Fred A. |
| 245 ## - TITLE STATEMENT |
| Title |
Using the classics to expand public administrative thought: an exhortory note |
| 362 ## - DATES OF PUBLICATION AND/OR SEQUENTIAL DESIGNATION |
| Dates of publication and/or sequential designation |
22(4), Dec 1992, p.301-06 |
| 520 ## - SUMMARY, ETC. |
| Summary, etc. |
Public administrators - both practitioners and academics need to develop critical thinking skill. The mental exercise required to assess the validity of myths and metaphors can help develop this capacity to think beyond boundarics of problems. Drawing from the work of diverse authors such as Perey Bysshe Shelley, the early nineteenth. century port, and more current works of the philosopher Neeson Goodman, this article shows how the conflict inherent in metaphors can be an exercise in creativity. Examples particluary relevant to public administration are drawn from Homer's Odyssey. |
| 650 ## - SUBJECT ADDED ENTRY--TOPICAL TERM |
| Topical term or geographic name entry element |
Public Administration |
| 773 ## - HOST ITEM ENTRY |
| Main entry heading |
American Review of Public Administration |
| 909 ## - |
| -- |
27550 |